日本の時代 - Statistics

General Stats
  • This quiz has been taken 70 times
  • The average score is 17 of 18
Answer Stats
西暦 時代 % Correct
前8世紀頃 〜 後3世紀中頃 弥生時代
98%
前14000年頃 〜 前8世紀頃 縄文時代
97%
592年 〜 710年 飛鳥時代
97%
12世紀末 〜 1333年 鎌倉時代
95%
794年 〜 1185年 平安時代
94%
1336年 〜 1573年 室町時代
94%
1868年 〜 1912年 明治時代
94%
1912年 〜 1926年 大正時代
94%
1926年 〜 1989年 昭和時代
94%
1989年 〜 2019年 平成時代
94%
2019年 〜 令和時代
94%
710年 〜 794年 奈良時代
91%
1603年 〜 1868年 江戸時代
91%
3世紀中頃 〜 7世紀頃 古墳時代
88%
(1467年/1493年 〜 1573年) 戦国時代
88%
1573年 〜 1603年 安土桃山時代
88%
〜 紀元前14000年頃 旧石器時代
84%
(1337年 〜 1392年) 南北朝時代
81%
No matching quizzes found
Score Distribution
Percent of People with Each Score
Percentile by Number Answered
Your Score History
You have not taken this quiz